Αποστολή στις Κυκλάδες

Αποθηκεύτηκε σε:
Λεπτομέρειες βιβλιογραφικής εγγραφής
Κύριος συγγραφέας: Καποκάκη, Νίκη
Μορφή: Βιβλίο
Γλώσσα:Greek
Δημοσίευση: [Χ.τ.] : Δελφίνι, [1992]
Θέματα:
Ετικέτες: Προσθήκη ετικέτας
Δεν υπάρχουν, Καταχωρήστε ετικέτα πρώτοι!

MARC

LEADER 00000cam a2200000 i 4500
001 1/23782
008 011114s1992 gr | ||| |||| ||gre||
020 |a 9603090395 
035 |l 10067729 
040 |a GR-MyUa  |b gre  |e AACR2 
041 0 |a gre 
082 7 |a 733.3093915   |2 (22) 
100 1 |a Καποκάκη, Νίκη. 
245 1 0 |a Αποστολή στις Κυκλάδες /   |c Νίκη Καποκάκη. 
260 |a [Χ.τ.] :   |b Δελφίνι,   |c [1992] 
300 |a [14] φ. :   |b εικ. ;   |c 24 χ 32 εκ. 
650 0 |a Children's literature, Greek (Modern) 
650 0 |a Illustrated children's books  |z Greece. 
651 0 |a Cyclades (Greece)  |x Antiquities. 
852 |a INST  |b SYROS  |c KYK  |e 20011114  |h 733.3093915 ΚΑΠ  |p 005500000716  |q 005500000716  |t BK  |y 0 
901 |a BIBL5-2001-3 
922 |a 5ΕΛΗ  |b 200111  |c Βιβλιοθήκη Σύρου  |d Σταθόπουλος 
950 |a 188-2001-11-06 
970 |a Κοντού  |b Παρασκευή  |z 21/11/2001